000 00662nam a22002177a 4500
003 UA-OsUOA
001 48953
007 ta
008 20130819b un ||||| |||| 00| 0 ukr d
090 _a81'374
942 _cBK
040 _aUA-OsUOA
_beng
_cUA-OsUOA
_dUA-OsUOA
245 _aLarousse's French-English English-French Dictionary
300 _a256 p.
955 _a4
041 _aeng
080 _a81'374
650 7 _a8 Мовознавство. Художня література. Літературознавство
_2UDC
999 _c429078
_d429078